Les manades de Camargue - Statistiques

Statistiques générales
  • Ce quiz a été pris 30 fois
    15 depuis la dernière actualisation
  • Le résultat moyen est 11 sur 15
Statistiques - réponses
Question Réponse % Correct
Dans une manade ont retrouve ? des taureaux camargues
100%
Avec quels Animals les Gardians trie les taureaux ? Un cheval
100%
Qu'est ce qu'une manade ? un élevage de taureaux et/ou chevaux
100%
Comment appelle t'on un taureaux en patoi ? Biou
93%
Peut on visiter des manades en Camargue ? Oui certaines manades
93%
Comment appelle t'on le gérant de la manade ? Le Manadier
86%
Comment s'appelle les petites arènes dans les manades ? Un Bouvaou
86%
Comment s'appelle le véhicule qui sert a transporter les taureaux dans les manades ? Un char
86%
Le nom de l'outil utilisé pour poussé les taureaux ? Un trident
86%
Ou retrouve t'on les manades ? Sud de la France
79%
Comment dit-on manade en patoi ? Manado
57%
Que mais t'on sur la cuisse des taureaux et des vaches pour les reconnaitre ? Marque a feu
57%
Quels taureaux a été élu biou d'or 2025 ? Bohémien Manade Rouquette
50%
Quelle manade compte le plus de biou d'or ? Manade Laurent
43%
Quelles manades se trouve sur les communes de Vauvert et du Cailar ? Manade Debono
21%
Aucun quiz correspondant
Distribution des résultats
% des personnes avec chaque résultat
Percentile par nombre de réponses
Votre historique - résultats
Vous n’avez pas pris ce quiz depuis la dernière actualisation